<?xml version="1.0" encoding="utf-8"?>
<?xml-stylesheet type='text/xsl' href='./oai2.xsl'?>
<OAI-PMH xmlns="http://www.openarchives.org/OAI/2.0/" xmlns:xsi="http://www.w3.org/2001/XMLSchema-instance" xsi:schemaLocation="http://www.openarchives.org/OAI/2.0/ http://www.openarchives.org/OAI/2.0/OAI-PMH.xsd">
  <responseDate>2026-06-06T23:13:57Z</responseDate>
  <request verb="GetRecord" metadataPrefix="marcxml" identifier="record_kuniweb_164759">https://kulturerbe.niedersachsen.de/oai</request>
  <GetRecord>
    <record>
      <header>
        <identifier>record_kuniweb_164759</identifier>
        <datestamp>2025-08-28T09:38:22Z</datestamp>
        <setSpec>slg0111</setSpec>
      </header>
      <metadata>
        <marc:record xmlns:marc="http://www.loc.gov/MARC21/slim" xsi:schemaLocation="http://www.loc.gov/MARC21/slim http://www.loc.gov/standards/marcxml/schema/MARC21slim.xsd">
          <marc:leader>12345nkm  22     uu 4500</marc:leader>
          <marc:controlfield tag="001">164759</marc:controlfield>
          <marc:controlfield tag="003">http://kuniweb.gbv.de</marc:controlfield>
          <marc:controlfield tag="005">2018-03-03T14:12:51</marc:controlfield>
          <marc:controlfield tag="008">|           ||||||||||||||||||||||</marc:controlfield>
          <marc:datafield tag="245" ind1="1" ind2="0">
            <marc:subfield code="a">Mühlspindelbock mit einer Höhe von 700 mm für die Bauermeister GmbH in Ottensen, Hamburg-Altona, 1906</marc:subfield>
          </marc:datafield>
          <marc:datafield tag="720" ind1=" " ind2=" ">
            <marc:subfield code="a">Hermann-Bauermeister-Maschinenfabrik und -Mühlenbau &lt;Hamburg&gt;</marc:subfield>
          </marc:datafield>
          <marc:datafield tag="655" ind1=" " ind2="7">
            <marc:subfield code="a">Grafik</marc:subfield>
          </marc:datafield>
          <marc:datafield tag="046" ind1=" " ind2=" ">
            <marc:subfield code="k">1906-06-27</marc:subfield>
            <marc:subfield code="k">27.06.1906</marc:subfield>
          </marc:datafield>
          <marc:datafield tag="260" ind1=" " ind2=" ">
            <marc:subfield code="g">1906-06-27</marc:subfield>
            <marc:subfield code="g">27.06.1906</marc:subfield>
          </marc:datafield>
          <marc:datafield tag="520" ind1=" " ind2=" ">
            <marc:subfield code="a">Zeichnung - koloriert
Herstellungsort - Königshütte, Bad Lauterberg

Auftraggeber und Standort:
Bauermeister GmbH, Ottensen bei Hamburg-Altona

Anmerkung zum Auftraggeber:
Emil Ludwig Hermann Bauermeister startet 1882 das Hamburger Unternehmen als Lieferant von Getreidemühlen.
1900 läutet die Anmeldung des Weltpatents für einen Planrundsichter die industrielle Fertigung ein. Es erfolgt eine Spezialisierung auf Maschinen und Anlagen zur Verarbeitung von Kakaobohnen und zur Herstellung von Kakaopulver und Schokolade. 
Nach dem Wiederaufbau der im Zweiten Weltkrieg zerstörten Gebäude werden 1945  Bauprogramm und der Service konsequent und erfolgreich erweitert. Turbo- und Zuckermühlen, Riffel- und Flockierwalzwerke erobern den internationalen Markt. Neue wirtschaftliche Verfahren für die Kakao- und Schokoladenindustrie werden entwickelt. 
1985 wird Bauermeister Mitglied der PROBAT-Gruppe. Der Standort wird von Hamburg-Altona zum heutigen Firmensitz in Norderstedt verlagert. 
siehe:
Bauermeister: Home
www.bauermeister.de/    Firmenhistorie


 (Förderkreis Königshütte Bad Lauterberg e.V.)

Maßstab: 1 zu 2.5</marc:subfield>
          </marc:datafield>
          <marc:datafield tag="650" ind1="1" ind2=" ">
            <marc:subfield code="a">Müllereitechnologie</marc:subfield>
          </marc:datafield>
          <marc:datafield tag="650" ind1="1" ind2=" ">
            <marc:subfield code="a">Grafik, Fotografie &gt; Zeichnung</marc:subfield>
          </marc:datafield>
          <marc:datafield tag="650" ind1="1" ind2=" ">
            <marc:subfield code="a">Industrie</marc:subfield>
          </marc:datafield>
          <marc:datafield tag="650" ind1="1" ind2=" ">
            <marc:subfield code="a">Hamburg-Ottensen (Hamburg)</marc:subfield>
          </marc:datafield>
          <marc:datafield tag="773" ind1="0" ind2=" ">
            <marc:subfield code="t">Mühlen-, Gips- und sonstige Anlagen</marc:subfield>
          </marc:datafield>
          <marc:datafield tag="852" ind1=" " ind2=" ">
            <marc:subfield code="a">Industriedenkmal Königshütte Bad Lauterberg im Harz</marc:subfield>
          </marc:datafield>
          <marc:datafield tag="" ind1=" " ind2=" ">
            <marc:subfield code="a">Namensnennung - Nicht kommerziell - Keine Bearbeitungen 4.0 International (CC BY-NC-ND 4.0)</marc:subfield>
          </marc:datafield>
        </marc:record>
      </metadata>
    </record>
  </GetRecord>
</OAI-PMH>
